<?xml version="1.0" encoding="UTF-8"?>
<record
    xmlns:xsi="http://www.w3.org/2001/XMLSchema-instance"
    xsi:schemaLocation="http://www.loc.gov/MARC21/slim http://www.loc.gov/standards/marcxml/schema/MARC21slim.xsd"
    xmlns="http://www.loc.gov/MARC21/slim">

  <leader>01078nam a2200265 a 4500</leader>
  <controlfield tag="001">78198</controlfield>
  <controlfield tag="003">BD-RjUL</controlfield>
  <controlfield tag="005">20211209083112.0</controlfield>
  <controlfield tag="008">210412s1946    ua            000 0 ara d</controlfield>
  <datafield tag="035" ind1=" " ind2=" ">
    <subfield code="a">(BD-RjUL)78424</subfield>
  </datafield>
  <datafield tag="040" ind1=" " ind2=" ">
    <subfield code="a">CGU</subfield>
    <subfield code="c">CGU</subfield>
    <subfield code="d">WAU</subfield>
    <subfield code="d">OCL</subfield>
    <subfield code="d">MnU</subfield>
    <subfield code="d">NNU</subfield>
    <subfield code="d">UkOxU</subfield>
    <subfield code="b">eng</subfield>
  </datafield>
  <datafield tag="041" ind1=" " ind2=" ">
    <subfield code="a">ara/eng</subfield>
  </datafield>
  <datafield tag="043" ind1=" " ind2=" ">
    <subfield code="a">ma-----</subfield>
  </datafield>
  <datafield tag="066" ind1=" " ind2=" ">
    <subfield code="c">(3</subfield>
  </datafield>
  <datafield tag="082" ind1=" " ind2=" ">
    <subfield code="2">23</subfield>
    <subfield code="a">892.75109</subfield>
    <subfield code="b">ABK 1946</subfield>
  </datafield>
  <datafield tag="100" ind1="1" ind2=" ">
    <subfield code="a">&#x623;&#x628;&#x648; &#x632;&#x647;&#x631;&#x629;&#x60C; &#x645;&#x62D;&#x645;&#x62F;. ;; Ab&#x16B; Zahrah, Mu&#x1E25;ammad.</subfield>
    <subfield code="9">246928</subfield>
  </datafield>
  <datafield tag="245" ind1="1" ind2="3">
    <subfield code="a">&#x627;&#x644;&#x62E;&#x637;&#x627;&#x628;&#x629; : </subfield>
    <subfield code="b">&#x623;&#x635;&#x648;&#x644;&#x647;&#x627; &#x648;&#x62A;&#x627;&#x631;&#x64A;&#x62E;&#x647;&#x627; &#x641;&#x649; &#x623;&#x632;&#x647;&#x631; &#x639;&#x635;&#x648;&#x631;&#x647;&#x627; &#x639;&#x646;&#x62F; &#x627;&#x644;&#x639;&#x631;&#x628; / ;; al-Khi&#x1E6D;&#x101;bah : u&#x1E63;&#x16B;luh&#x101; wa-t&#x101;r&#x12B;khuh&#x101; f&#x12B; azhar &#x2BF;u&#x1E63;&#x16B;rih&#x101; &#x2BF;inda al-&#x2BF;Arab /</subfield>
    <subfield code="c">&#x645;&#x62D;&#x645;&#x62F; &#x623;&#x628;&#x648; &#x632;&#x647;&#x631;&#x629;. ;; Mu&#x1E25;ammad Ab&#x16B; Zahrah.</subfield>
  </datafield>
  <datafield tag="260" ind1=" " ind2=" ">
    <subfield code="a">al-Q&#x101;hirah :</subfield>
    <subfield code="b">D&#x101;r al-Fikr al-&#x2BF;Arab&#x12B;,</subfield>
    <subfield code="c">1946.</subfield>
  </datafield>
  <datafield tag="260" ind1=" " ind2=" ">
    <subfield code="a">&#x627;&#x644;&#x642;&#x627;&#x647;&#x631;&#x629; :</subfield>
    <subfield code="b">&#x62F;&#x627;&#x631; &#x627;&#x644;&#x641;&#x643;&#x631; &#x627;&#x644;&#x639;&#x631;&#x628;&#x649;&#x60C;</subfield>
    <subfield code="c">&#x660;&#x668;&#x669;&#x661;.</subfield>
  </datafield>
  <datafield tag="300" ind1=" " ind2=" ">
    <subfield code="a">287 p. ;</subfield>
    <subfield code="c">23 cm.</subfield>
  </datafield>
  <datafield tag="650" ind1=" " ind2="0">
    <subfield code="a">Oratory</subfield>
    <subfield code="x">History.</subfield>
    <subfield code="9">246929</subfield>
  </datafield>
  <datafield tag="650" ind1=" " ind2="0">
    <subfield code="a">Oratory</subfield>
    <subfield code="z">Arab countries</subfield>
    <subfield code="x">History.</subfield>
    <subfield code="9">246930</subfield>
  </datafield>
  <datafield tag="650" ind1=" " ind2="0">
    <subfield code="a">Arabic prose literature</subfield>
    <subfield code="x">History and criticism.</subfield>
    <subfield code="9">246931</subfield>
  </datafield>
  <datafield tag="942" ind1=" " ind2=" ">
    <subfield code="2">ddc</subfield>
    <subfield code="c">BK</subfield>
  </datafield>
  <datafield tag="999" ind1=" " ind2=" ">
    <subfield code="c">78198</subfield>
    <subfield code="d">78198</subfield>
  </datafield>
  <datafield tag="952" ind1=" " ind2=" ">
    <subfield code="0">0</subfield>
    <subfield code="1">0</subfield>
    <subfield code="2">ddc</subfield>
    <subfield code="4">0</subfield>
    <subfield code="7">1</subfield>
    <subfield code="8">NFIC</subfield>
    <subfield code="a">RUCL</subfield>
    <subfield code="b">RUCL</subfield>
    <subfield code="c">Reading</subfield>
    <subfield code="d">2009-11-17</subfield>
    <subfield code="e">Ahsania Mission , Dhaka</subfield>
    <subfield code="g">750.00</subfield>
    <subfield code="l">0</subfield>
    <subfield code="o">A 892.75109 ABK 1946</subfield>
    <subfield code="r">2021-04-12 00:00:00</subfield>
    <subfield code="t">C-1</subfield>
    <subfield code="w">2021-04-12</subfield>
    <subfield code="y">BK</subfield>
  </datafield>
</record>
